| 000 | 00683nam a2200205 a 4500 | ||
|---|---|---|---|
| 001 | 000010265 | ||
| 005 | 20240412074216.0 | ||
| 008 | 091006s19uu dr 000 p spa d | ||
| 040 |
_aDO-SdBNP _bspa _cBNPHU |
||
| 082 |
_aRD861.44 _bH557a |
||
| 100 | 1 |
_aHernández Santos, Marino _925280 |
|
| 245 | 1 | 0 |
_aAyer la sangre y después olvido / _cMarino Hernández Santos. |
| 260 |
_aSanto Domingo : _bPerfil., _c[19--?]. |
||
| 300 |
_a61 p. ; _c21 cm. |
||
| 500 | _aIncluye datos biográficos del autor en la contracubierta. | ||
| 590 | _aInventariado, 2018/LP | ||
| 650 | 0 |
_aPoesía dominicana _966 |
|
| 650 | 0 |
_aLiteratura dominicana. _967 |
|
| 910 | _aValidado. Control de calidad MFF | ||
| 999 |
_c10024 _d10024 |
||